| 000 | 00806nam a22002177a 4500 | ||
|---|---|---|---|
| 999 |
_c21884 _d21884 |
||
| 003 | AR-CdUCM | ||
| 008 | 190425b ||||| |||| 00| 0 spa d | ||
| 040 |
_aMUNICIPALIDAD PROVINCIAL DEL CUSCO _cBIBLIOTECA MUNICIPAL DEL CUSCO |
||
| 082 |
_a985.052/C143 _bC143 |
||
| 100 |
_aCáceres Olivera, Sabino Roberto _946640 |
||
| 245 |
_aEl presidente Juan Angel Bujanda y el nacimiento de la Republica peruana / _cSabino Roberto Cáceres Olivera |
||
| 260 |
_aCusco : _b[s.n.], _bMultiservicios e Impr. Edmundo Pantigozo, _c2008. |
||
| 300 |
_a138 páginas. : _bfacsíms. ; _c23 cm. |
||
| 500 | _zBibliografía: p. 137-138. | ||
| 650 |
_aBujanda, Juan Ángel _946641 |
||
| 650 |
_aPresidentes _91678 |
||
| 650 |
_aBiografía _946642 |
||
| 650 |
_aHistoria republicana _946643 |
||
| 942 |
_2ddc _cPP |
||
| 945 | _arac | ||